=LDR 00000nam 2200000 4500 =001 INLIS000000000059062 =005 20221124010656 =035 ##$$a 0010-1021000510 =007 ta =008 221124################g##########0#ind## =020 ##$$a 979-518-677-9 =082 ##$$a 614 =084 ##$$a 614 Soe i =245 1#$$a Ilmu Kesehatan Masyarakat : $b Prinsip-Prinsip Dasar /$c Prof. Dr. Soekidjo Notoatmodjo =250 ##$$a Cet.2 =300 ##$$a 214 halaman : $b Ilustrasi ; $c 22 cm =650 #4$$a Kesehatan - Masyarakat =264 ##$$a jakarta :$b Rineka Cipta,$c 2003 =336 ##$$a teks$2 rdacontent =337 ##$$a lain-lain$2 rdamedia =338 ##$$a lain-lain$2 rdacarrier =990 ##$$a 3202102297 =990 ##$$a 3202103009 =990 ##$$a 3202103096 =990 ##$$a 17211721